[Event "Olimpiade 2014 - Open"]
[Site "Tromsø"]
[Date "10.08.2014"]
[Round "8.9"]
[Board "2"]
[White "Mekhitarian, Krikor Sevag"]
[Black "L'Ami, Erwin"]
[Result "0-1"]
[WhiteTitle "GM"]
[BlackTitle "GM"]
[WhiteElo "2568"]
[BlackElo "2631"]
[WhiteTeam "Brazil"]
[BlackTeam "Netherlands"]
[WhiteFideId "2107660"]
[BlackFideId "1007998"]
[EventDate "2014.08.02"]

1. d4 Nf6 2. c4 e6 3. Nc3 Bb4 4. f3 c5 5. d5 O-O 6. e4 b5 7. e5 exd5 8. exf6 d4
9. a3 Ba5 10. b4 dxc3 11. bxa5 Re8+ 12. Kf2 Qxf6 13. Ra2 b4 14. Re2 Rf8 15. Nh3
Nc6 16. Nf4 Ba6 17. axb4 cxb4 18. Nd5 Qh4+ 19. g3 Qxc4 20. Rc2 Qc5+ 21. Be3 Qxa5
22. Bxa6 Qxa6 23. Nc7 Qc4 24. Nxa8 d5 25. Qe2 Rxa8 26. Qxc4 dxc4 27. Bc5 a5 28.
Rd1 Ne5 29. Bd4 Rd8 30. Ke2 Re8 31. Bxc3 Ng4+ 32. Kd2 Rd8+ 33. Ke2 Re8+ 34. Kd2
Rd8+ 35. Ke2 Rxd1 36. Bd2 Rh1 37. Rxc4 Rxh2+ 38. Ke1 Rh1+ 39. Ke2 Rh2+ 40. Ke1
h5 41. fxg4 b3 42. Kd1 hxg4 43. Rc8+ Kh7 44. Rb8 a4 45. Rb4 Rg2 46. Rxa4 Rxg3
47. Be1 Rg2 48. Rb4 b2 49. Bd2 g3 50. Rxb2 Rh2 51. Rb1 f5 52. Rc1 g2 53. Be3
Rh1+ 54. Kd2 Rf1 55. Bb6 f4 56. Rc4 g5 57. Rc6 g1=Q 58. Bxg1 Rxg1 59. Ke2 Rg3
60. Kf2 Kg7 61. Ra6 Kf7 62. Rb6 Re3 63. Ra6 Re6 64. Ra3 Kg6 65. Kf3 Kf5 66. Rb3
Re5 67. Ra3 Rb5 68. Ra2 Rb3+ 69. Kg2 Kg4 0-1

[Event "Olimpiade 2014 - Open"]
[Site "Tromsø"]
[Date "10.08.2014"]
[Round "8.9"]
[Board "3"]
[White "Tiviakov, Sergei"]
[Black "Milos, Gilberto"]
[Result "1-0"]
[WhiteTitle "GM"]
[BlackTitle "GM"]
[WhiteElo "2664"]
[BlackElo "2583"]
[WhiteTeam "Netherlands"]
[BlackTeam "Brazil"]
[WhiteFideId "1008013"]
[BlackFideId "2100029"]
[EventDate "2014.08.02"]

1. e4 e5 2. Nf3 Nc6 3. Bc4 Bc5 4. c3 Nf6 5. d3 a6 6. Bb3 Ba7 7. h3 O-O 8. Bg5 d6
9. Nh2 h6 10. Bh4 g5 11. Bg3 Ne7 12. h4 Ng6 13. hxg5 hxg5 14. Nd2 Kg7 15. Qe2
Rh8 16. O-O-O Qe7 17. Nc4 Bd7 18. Ne3 Nf4 19. Qc2 Rh5 20. Rhe1 Rah8 21. Nhf1 Rh1
22. f3 Bxe3+ 23. Nxe3 Rxe1 24. Bxe1 g4 25. d4 gxf3 26. gxf3 Rh3 27. Qf2 Kf8 28.
Kb1 Nh7 29. dxe5 dxe5 30. Nc4 Ng5 31. Qa7 Rxf3 32. Qb8+ Be8 33. Qxb7 f6 34. Bc2
Kg7 35. Qxa6 Qc5 36. Nd2 Rh3 37. Nb3 Qc6 38. Qc8 Bf7 39. Na5 Qb6 40. b4 Rh1 41.
Kb2 Qb5 42. c4 Qb6 43. Qb7 Qxb7 44. Nxb7 Bxc4 45. Nc5 Kg6 46. a4 Be2 47. Rc1 Rh2
48. b5 Nd3+ 49. Nxd3 Bxd3 50. Kb3 Bxe4 51. Bxe4+ Nxe4 52. Rxc7 Rh1 53. Rc1 Nf2
54. Bd2 Rh3+ 55. Rc3 Rh8 56. Rc4 f5 57. b6 Ne4 58. Be3 Kf6 59. a5 Ke6 60. a6 Nd6
61. b7 f4 62. Rc6 fxe3 63. a7 e2 64. b8=Q e1=Q 65. Qxd6+ Kf5 66. Qg6+ Kf4 67.
Rc4+ e4 68. Qf6+ Kg4 69. Qxh8 Qd1+ 70. Rc2 Qd5+ 71. Kb4 Qd6+ 72. Rc5 Qb6+ 73.
Kc4 Qa6+ 74. Kd5 Qxa7 75. Qc8+ Kg3 76. Kxe4 Qe7+ 77. Kd3 Qd6+ 78. Kc2 1-0

[Event "Olimpiade 2014 - Open"]
[Site "Tromsø"]
[Date "10.08.2014"]
[Round "8.9"]
[Board "4"]
[White "El Debs, Felipe de Cresce"]
[Black "Van Kampen, Robin"]
[Result "1/2-1/2"]
[WhiteTitle "GM"]
[BlackTitle "GM"]
[WhiteElo "2522"]
[BlackElo "2638"]
[WhiteTeam "Brazil"]
[BlackTeam "Netherlands"]
[WhiteFideId "2106981"]
[BlackFideId "1020854"]
[EventDate "2014.08.02"]

1. d4 Nf6 2. c4 g6 3. Nc3 Bg7 4. e4 d6 5. Nf3 O-O 6. Be2 e5 7. Be3 Ng4 8. Bg5 f6
9. Bh4 Nc6 10. d5 Ne7 11. Nd2 f5 12. Bxg4 fxg4 13. Bg5 c5 14. Rb1 h6 15. Be3 g5
16. b4 b6 17. bxc5 bxc5 18. Qa4 Ng6 19. O-O Nf4 20. Rb3 h5 21. Rfb1 h4 22. Rb8
Rxb8 23. Rxb8 h3 24. g3 Ng2 25. Qc6 Qa5 26. Ndb1 Qd8 27. Nd2 Qa5 28. Rb3 Qd8 29.
Rb8 1/2-1/2

[Event "Olimpiade 2014 - Open"]
[Site "Tromsø"]
[Date "10.08.2014"]
[Round "8.10"]
[Board "2"]
[White "Anton Guijarro, David"]
[Black "Grischuk, Alexander"]
[Result "1/2-1/2"]
[WhiteTitle "GM"]
[BlackTitle "GM"]
[WhiteElo "2624"]
[BlackElo "2795"]
[WhiteTeam "Spain"]
[BlackTeam "Russia"]
[WhiteFideId "2285525"]
[BlackFideId "4126025"]
[EventDate "2014.08.02"]

1. Nf3 c5 2. c4 Nc6 3. d4 cxd4 4. Nxd4 e6 5. Nc3 Nf6 6. a3 Be7 7. e4 O-O 8. Nf3
Qc7 9. Be2 b6 10. O-O Bb7 11. Bg5 h6 12. Bh4 d6 13. Bg3 Rfd8 14. Rc1 Rac8 15.
Nd2 Qb8 16. Re1 a6 17. Bf1 Ne5 18. h3 Bc6 19. Qe2 Nfd7 20. b4 Rc7 21. Qe3 Rdc8
22. f4 Ng6 23. Nf3 Ba8 24. Kh1 Qb7 25. Nd4 Qb8 26. Rcd1 b5 27. f5 Ngf8 28. fxe6
fxe6 29. Nf3 Nb6 30. c5 dxc5 31. Na2 c4 32. Nc3 Qb7 33. Bxc7 Qxc7 34. Ne2 Bc6
35. Ned4 Be8 36. Be2 Ra8 37. Rf1 a5 38. Nc2 axb4 39. axb4 Ra2 40. Nfd4 Qe5 41.
Ra1 Rxa1 42. Rxa1 Na4 43. Rd1 Bf6 44. Bg4 h5 45. Be2 Bg6 46. Bf3 Nb2 47. Ra1 Na4
48. Rd1 Be8 49. Be2 Nh7 50. Bf3 Ng5 51. Ne2 Kh7 52. Ncd4 Nb2 53. Ra1 Nd3 54. Ra8
Bg6 55. Ra5 Nxe4 56. Bxe4 Bxe4 57. Nf3 Bxf3 58. Qxe5 Bxe5 59. gxf3 Nxb4 60. Rxb5
Nd5 61. Rc5 c3 62. Rc6 Kg6 63. Rxe6+ Kf5 64. Rc6 g5 65. Kg1 h4 66. Kf2 Nb4 67.
Rc4 Nd5 68. Rc6 Nb4 69. Rc4 Nd5 70. Rc6 1/2-1/2

[Event "Olimpiade 2014 - Open"]
[Site "Tromsø"]
[Date "10.08.2014"]
[Round "8.10"]
[Board "3"]
[White "Karjakin, Sergey"]
[Black "Salgado Lopez, Ivan"]
[Result "1-0"]
[WhiteTitle "GM"]
[BlackTitle "GM"]
[WhiteElo "2786"]
[BlackElo "2620"]
[WhiteTeam "Russia"]
[BlackTeam "Spain"]
[WhiteFideId "14109603"]
[BlackFideId "2257327"]
[EventDate "2014.08.02"]

1. e4 c5 2. Nf3 Nc6 3. Nc3 g6 4. d4 cxd4 5. Nxd4 Bg7 6. Be3 Nf6 7. Bc4 O-O 8.
Bb3 d6 9. f3 Na5 10. Qd2 Nxb3 11. cxb3 Bd7 12. h4 h5 13. O-O-O b5 14. Ndxb5 Qb8
15. Nd4 a5 16. Bh6 Bxh6 17. Qxh6 a4 18. bxa4 Rc8 19. Qe3 Bxa4 20. Rd2 Nd7 21. g4
Ne5 22. gxh5 Bb3 23. axb3 Ra1+ 24. Kc2 Rxh1 25. f4 Qa7 26. fxe5 Qa1 27. b4 dxe5
28. hxg6 exd4 29. gxf7+ Kh7 30. f8=N+ Rxf8 31. Qxd4 Rc8 32. Kb3 Qa6 33. Qd5 Rxh4
34. Qf5+ Kh6 35. b5 Rb8 36. Qe5 Qc8 37. Rg2 1-0

[Event "Olimpiade 2014 - Open"]
[Site "Tromsø"]
[Date "10.08.2014"]
[Round "8.10"]
[Board "4"]
[White "Vazquez Igarza, Renier"]
[Black "Nepomniachtchi, Ian"]
[Result "1/2-1/2"]
[WhiteTitle "GM"]
[BlackTitle "GM"]
[WhiteElo "2603"]
[BlackElo "2714"]
[WhiteTeam "Spain"]
[BlackTeam "Russia"]
[WhiteFideId "3503054"]
[BlackFideId "4168119"]
[EventDate "2014.08.02"]

1. Nf3 Nf6 2. c4 c5 3. Nc3 d5 4. cxd5 Nxd5 5. e4 Nb4 6. d4 cxd4 7. Bb5+ N8c6 8.
a3 Bd7 9. Nxd4 Nxd4 10. Bxd7+ Qxd7 11. axb4 e6 12. Be3 Rd8 13. O-O Bxb4 14. Nd5
Ne2+ 15. Qxe2 exd5 16. Rfd1 O-O 17. Rxa7 Qc6 18. exd5 Rxd5 19. Rxd5 Qxd5 20. Qf3
Qb3 21. Rxb7 Qxb2 22. g3 Qa3 23. Qd5 Be7 24. Kg2 Qd6 25. Qxd6 Bxd6 26. Rd7 Be5
27. Bd4 Bxd4 28. Rxd4 g6 29. h4 h5 30. Rd2 Re8 31. Rc2 1/2-1/2

[Event "Olimpiade 2014 - Open"]
[Site "Tromsø"]
[Date "10.08.2014"]
[Round "8.11"]
[Board "1"]
[White "Megaranto, Susanto"]
[Black "Gelfand, Boris"]
[Result "1/2-1/2"]
[WhiteTitle "GM"]
[BlackTitle "GM"]
[WhiteElo "2527"]
[BlackElo "2753"]
[WhiteTeam "Indonesia"]
[BlackTeam "Israel"]
[WhiteFideId "7101384"]
[BlackFideId "2805677"]
[EventDate "2014.08.02"]

1. e4 c5 2. Nf3 d6 3. Bb5+ Nc6 4. d4 cxd4 5. Qxd4 Bd7 6. Bxc6 Bxc6 7. c4 Nf6 8.
Nc3 g6 9. O-O Bg7 10. Be3 Qb6 11. Qd2 Qa6 12. Qd3 O-O 13. b3 Ng4 14. Bd4 Ne5 15.
Nxe5 dxe5 16. Bc5 Rfd8 17. Qe3 e6 18. Rfd1 b6 19. Bd6 Rd7 20. Rd2 b5 21. cxb5
Bxb5 22. Bc5 Rxd2 23. Qxd2 Bc6 24. Rd1 Qb7 25. Qg5 h6 26. Qe7 Qxe7 27. Bxe7 f5
28. f3 Kf7 29. Bc5 a6 30. b4 Rc8 31. a3 h5 32. Kf2 Bf6 33. Ke2 g5 34. h3 h4 35.
Ke3 Be7 36. Bxe7 Kxe7 37. Rc1 Kd7 38. Rd1+ Ke7 39. Rc1 Kd7 40. Rd1+ Ke7 41. Rc1 1/2-1/2

[Event "Olimpiade 2014 - Open"]
[Site "Tromsø"]
[Date "10.08.2014"]
[Round "8.11"]
[Board "3"]
[White "Priasmoro, Novendra"]
[Black "Smirin, Ilia"]
[Result "0-1"]
[BlackTitle "GM"]
[WhiteElo "2250"]
[BlackElo "2656"]
[WhiteTeam "Indonesia"]
[BlackTeam "Israel"]
[WhiteFideId "7105029"]
[BlackFideId "2801990"]
[EventDate "2014.08.02"]

1. e4 c5 2. Nf3 Nc6 3. Bb5 g6 4. O-O Bg7 5. c3 Nf6 6. Re1 O-O 7. h3 e5 8. d4
cxd4 9. cxd4 d5 10. dxe5 Nxe4 11. Bxc6 bxc6 12. Nbd2 Bf5 13. Nb3 c5 14. Be3 Rc8
15. Rc1 c4 16. Nbd4 Bd7 17. Ne2 Qa5 18. Nc3 Be6 19. Bd2 Qb6 20. Nxe4 dxe4 21.
Rxe4 Rfd8 22. Qe1 Qxb2 23. Re2 Qb7 24. Bc3 Bxh3 25. Rb2 Qc6 26. Qe3 Rd3 27. Qf4
Bxg2 28. Kxg2 Bh6 29. Qxh6 Qxf3+ 30. Kg1 Rxc3 31. Re1 Qg4+ 32. Kh2 Rf3 33. Re3
c3 34. Rc2 Rc4 35. Rxf3 Qxf3 0-1

[Event "Olimpiade 2014 - Open"]
[Site "Tromsø"]
[Date "10.08.2014"]
[Round "8.11"]
[Board "4"]
[White "Postny, Evgeny"]
[Black "Setyaki, Azarya Jodi"]
[Result "1-0"]
[WhiteTitle "GM"]
[BlackTitle "CM"]
[WhiteElo "2651"]
[BlackElo "2186"]
[WhiteTeam "Israel"]
[BlackTeam "Indonesia"]
[WhiteFideId "2804344"]
[BlackFideId "7101589"]
[EventDate "2014.08.02"]

1. d4 Nf6 2. c4 g6 3. f3 d5 4. cxd5 Nxd5 5. e4 Nb6 6. Nc3 Bg7 7. Be3 O-O 8. Qd2
Nc6 9. O-O-O f5 10. e5 Nb4 11. Nh3 Be6 12. Kb1 N4d5 13. Nf4 Nxf4 14. Bxf4 c6 15.
h4 Nd5 16. h5 Nxc3+ 17. bxc3 Qa5 18. h6 Bh8 19. c4 Qxd2 20. Rxd2 Rfd8 21. Be2 b5
22. Rc1 Rd7 23. cxb5 cxb5 24. Rc5 Rad8 25. Rxb5 Kf7 26. Be3 f4 27. Bxf4 Rxd4 28.
Rxd4 Rxd4 29. g3 Rd5 30. a4 Rxb5+ 31. axb5 Bd5 32. Kc2 Ke6 33. Be3 Bxe5 34. f4
Bb8 35. Bd3 Kf6 36. Bd4+ e5 37. Bc3 Ke6 38. Bxg6 exf4 39. Bxh7 Kf7 40. Bd3 fxg3
41. h7 g2 42. h8=Q g1=Q 43. Qh5+ Ke6 44. Qe8+ 1-0

[Event "Olimpiade 2014 - Open"]
[Site "Tromsø"]
[Date "10.08.2014"]
[Round "8.12"]
[Board "1"]
[White "Zhigalko, Sergei"]
[Black "Saric, Ivan"]
[Result "1-0"]
[WhiteTitle "GM"]
[BlackTitle "GM"]
[WhiteElo "2678"]
[BlackElo "2671"]
[WhiteTeam "Belarus"]
[BlackTeam "Croatia"]
[WhiteFideId "13502956"]
[BlackFideId "14508150"]
[EventDate "2014.08.02"]

1. e4 e5 2. Nf3 Nc6 3. Bb5 a6 4. Ba4 Nf6 5. O-O Be7 6. Re1 b5 7. Bb3 d6 8. c3
O-O 9. h3 Re8 10. d4 Bb7 11. Nbd2 Bf8 12. a3 h6 13. Bc2 Nb8 14. b4 Nbd7 15. Bb2
a5 16. dxe5 dxe5 17. Qe2 c6 18. Nb3 axb4 19. cxb4 Qb6 20. Bd3 Nh5 21. Qe3 Nf4
22. Bf1 Qxe3 23. Rxe3 Rad8 24. Rc1 Ba8 25. g3 Ng6 26. Rd1 Be7 27. Red3 Nf6 28.
Rxd8 Bxd8 29. Nxe5 Nxe5 30. Bxe5 Nxe4 31. Bg2 f5 32. Bd4 Bb7 33. Bxg7 Kxg7 34.
Rd7+ Kf6 35. Rxb7 Nd6 36. Rd7 Re1+ 37. Kh2 Be7 38. Nd4 Nc4 39. Rc7 Nxa3 40.
Rxc6+ Kf7 41. Nxf5 Bxb4 42. Bd5+ Ke8 43. Nxh6 Kd7 44. Ng4 Be7 45. h4 Nc4 46.
Nf6+ Kd8 47. Bxc4 bxc4 48. Nd5 Re4 49. Nb6 Ke8 50. Kg2 1-0

[Event "Olimpiade 2014 - Open"]
[Site "Tromsø"]
[Date "10.08.2014"]
[Round "8.12"]
[Board "2"]
[White "Stevic, Hrvoje"]
[Black "Zhigalko, Andrey"]
[Result "1/2-1/2"]
[WhiteTitle "GM"]
[BlackTitle "GM"]
[WhiteElo "2606"]
[BlackElo "2580"]
[WhiteTeam "Croatia"]
[BlackTeam "Belarus"]
[WhiteFideId "14502569"]
[BlackFideId "13502247"]
[EventDate "2014.08.02"]

1. e4 c5 2. d3 Nc6 3. f4 d5 4. Nf3 g6 5. Be2 dxe4 6. dxe4 Qxd1+ 7. Bxd1 Bg7 8.
c3 b6 9. Ba4 Bb7 10. Ne5 Rc8 11. O-O Nf6 12. Rd1 a6 13. Bxc6+ Bxc6 14. Nxc6 Rxc6
15. e5 Nd7 16. Nd2 f6 17. exf6 exf6 18. f5 Ne5 19. Ne4 c4 20. fxg6 hxg6 21. Nf2
Kf7 22. Bf4 Re8 23. Rd5 Rce6 24. h4 Bf8 25. b4 cxb3 26. axb3 a5 27. Kf1 Bc5 28.
Ne4 Nd3 29. Rxd3 Rxe4 30. Bg3 Re3 31. Rad1 R8e4 32. Rxe3 Rxe3 33. Be1 Ke6 34. b4
Bd6 35. bxa5 bxa5 36. Ra1 Bc7 37. c4 Re5 38. Bc3 Re4 39. Bxa5 Rxh4 40. Ke2 Bxa5
41. Rxa5 Rxc4 42. Kf3 Rc3+ 1/2-1/2

[Event "Olimpiade 2014 - Open"]
[Site "Tromsø"]
[Date "10.08.2014"]
[Round "8.12"]
[Board "3"]
[White "Aleksandrov, Aleksej"]
[Black "Palac, Mladen"]
[Result "1/2-1/2"]
[WhiteTitle "GM"]
[BlackTitle "GM"]
[WhiteElo "2595"]
[BlackElo "2563"]
[WhiteTeam "Belarus"]
[BlackTeam "Croatia"]
[WhiteFideId "13500139"]
[BlackFideId "14500116"]
[EventDate "2014.08.02"]

1. d4 e6 2. c4 Nf6 3. Nc3 Bb4 4. e3 O-O 5. Bd3 d5 6. Nf3 b6 7. cxd5 exd5 8. a3
Bxc3+ 9. bxc3 Ba6 10. Bxa6 Nxa6 11. Qd3 Qc8 12. c4 c5 13. cxd5 cxd4 14. Nxd4 Nc5
15. Qc4 Qd7 16. a4 Rfc8 17. Bb2 Nxd5 18. O-O Ne6 19. Qd3 Ndc7 20. Qf5 Rd8 21.
Nf3 f6 22. a5 Qb5 23. Qb1 bxa5 24. Qa2 a4 25. Nd4 Qd5 26. Qxa4 Nxd4 27. Bxd4 Nb5
28. Bb2 a6 29. h3 Qe6 30. Rfc1 Rd2 31. Bc3 Nxc3 32. Rxc3 Qf5 33. Qb3+ Kh8 34.
Rf1 a5 35. Rc7 Qd5 36. Qa4 h6 37. Qg4 Qg5 38. Qe4 Rad8 39. Ra7 Qd5 40. Qg6 Rg8
41. Ra1 Rd1+ 1/2-1/2

[Event "Olimpiade 2014 - Open"]
[Site "Tromsø"]
[Date "10.08.2014"]
[Round "8.12"]
[Board "4"]
[White "Kozul, Zdenko"]
[Black "Kovalev, Vladislav"]
[Result "1/2-1/2"]
[WhiteTitle "GM"]
[BlackTitle "GM"]
[WhiteElo "2608"]
[BlackElo "2532"]
[WhiteTeam "Croatia"]
[BlackTeam "Belarus"]
[WhiteFideId "14502879"]
[BlackFideId "13504398"]
[EventDate "2014.08.02"]

1. d4 Nf6 2. Nf3 g6 3. c4 Bg7 4. Nc3 O-O 5. e4 d6 6. Be2 e5 7. O-O exd4 8. Nxd4
Re8 9. f3 c6 10. Kh1 Nh5 11. g4 Nf6 12. Bf4 h5 13. g5 Nh7 14. Rg1 Qe7 15. Nc2
Be5 16. Qd2 Nd7 17. Be3 Nc5 18. Nd4 Nf8 19. b4 Nce6 20. f4 Nxd4 21. Bxd4 Bxd4
22. Qxd4 a5 23. b5 Ne6 24. Qd2 Nc5 25. Bf3 Bg4 26. Bg2 Qe6 27. Qd4 h4 28. h3
Bxh3 29. Bf3 Bf1 30. Rgxf1 Qh3+ 31. Kg1 Qg3+ 32. Kh1 Qh3+ 33. Kg1 Qg3+ 34. Kh1 1/2-1/2

[Event "Olimpiade 2014 - Open"]
[Site "Tromsø"]
[Date "10.08.2014"]
[Round "8.13"]
[Board "1"]
[White "Adams, Michael"]
[Black "Ivanisevic, Ivan"]
[Result "1-0"]
[WhiteTitle "GM"]
[BlackTitle "GM"]
[WhiteElo "2740"]
[BlackElo "2613"]
[WhiteTeam "England"]
[BlackTeam "Serbia"]
[WhiteFideId "400041"]
[BlackFideId "912417"]
[EventDate "2014.08.02"]

1. e4 c5 2. Nf3 e6 3. d4 cxd4 4. Nxd4 Nc6 5. Nc3 Qc7 6. g3 a6 7. Bg2 h5 8. O-O
h4 9. Re1 hxg3 10. hxg3 d6 11. Nxc6 bxc6 12. e5 d5 13. Na4 Bb7 14. c4 dxc4 15.
Nc3 Ne7 16. Ne4 Nd5 17. Bg5 a5 18. Rc1 Ba6 19. Qg4 Rb8 20. Rc2 Bb4 21. Bd2 Kf8
22. a3 Be7 23. Nd6 Bxd6 24. exd6 Qxd6 25. Bxa5 Kg8 26. Rd1 e5 27. Qg5 Re8 28.
Bc3 Rh6 29. Re1 Rg6 30. Qh5 Nxc3 31. Rxc3 Qd2 32. Qe2 Qxe2 33. Rxe2 Rd6 34. f4
f6 35. Kf2 Kf7 36. fxe5 fxe5 37. Ke1 Rf6 38. Rec2 Rh8 39. Re3 Rh5 40. Bf3 Rh3
41. Be2 Rh1+ 42. Kd2 Ke6 43. Kc3 Rg6 44. Kb4 Kd6 45. Ka5 Bb5 46. Bxc4 Bxc4 47.
Rxc4 Kc7 48. b4 Rd1 49. b5 Rd5 50. a4 Kd7 51. Rec3 cxb5 52. axb5 Rd1 53. Rc7+
Ke8 54. Rc8+ Ke7 55. R3c7+ Kf6 56. Rc6+ Kf5 57. Rxg6 Kxg6 58. Rc4 Rd5 59. Kb4
Kf5 60. b6 Rd8 61. g4+ Kg5 62. Kb5 Kh4 63. b7 Rb8 64. Kb6 g5 65. Kc7 Rf8 66.
b8=Q Rxb8 67. Kxb8 Kg3 68. Kc7 Kf3 69. Kd6 e4 70. Ke5 1-0

[Event "Olimpiade 2014 - Open"]
[Site "Tromsø"]
[Date "10.08.2014"]
[Round "8.13"]
[Board "3"]
[White "Howell, David W L"]
[Black "Sedlak, Nikola"]
[Result "0-1"]
[WhiteTitle "GM"]
[BlackTitle "GM"]
[WhiteElo "2650"]
[BlackElo "2554"]
[WhiteTeam "England"]
[BlackTeam "Serbia"]
[WhiteFideId "410608"]
[BlackFideId "922900"]
[EventDate "2014.08.02"]

1. c4 Nf6 2. g3 g6 3. Bg2 Bg7 4. Nc3 O-O 5. e4 d6 6. Nge2 e5 7. O-O c6 8. d3 a6
9. h3 b5 10. Be3 Nbd7 11. Qd2 Rb8 12. Rac1 Re8 13. b3 Bb7 14. Bh6 Bxh6 15. Qxh6
d5 16. exd5 cxd5 17. cxb5 d4 18. Bxb7 Rxb7 19. bxa6 Rb6 20. Na4 Rxa6 21. Qd2 Qa8
22. Kh2 e4 23. Ng1 Ne5 24. dxe4 Nxe4 25. Qd1 d3 26. f3 Ng5 27. h4 Nexf3+ 28.
Rxf3 Nxf3+ 29. Qxf3 Re2+ 30. Kh3 Qxf3 31. Nxf3 Rf6 32. Nd4 Re4 33. Nb5 Rf2 34.
Nbc3 d2 35. Rb1 Re1 36. Nb2 Rf3 37. Ncd1 Rg1 38. Kh2 Rfxg3 39. Nc4 R3g2+ 40. Kh3
g5 41. hxg5 Rxg5 42. Kh2 R5g2+ 43. Kh3 Rg6 44. Kh2 R1g2+ 45. Kh3 R2g5 0-1

[Event "Olimpiade 2014 - Open"]
[Site "Tromsø"]
[Date "10.08.2014"]
[Round "8.13"]
[Board "4"]
[White "Indjic, Aleksandar"]
[Black "Sadler, Matthew D"]
[Result "1-0"]
[WhiteTitle "GM"]
[BlackTitle "GM"]
[WhiteElo "2539"]
[BlackElo "2653"]
[WhiteTeam "Serbia"]
[BlackTeam "England"]
[WhiteFideId "911925"]
[BlackFideId "400173"]
[EventDate "2014.08.02"]

1. d4 Nf6 2. c4 e6 3. Nf3 b6 4. g3 Ba6 5. Nbd2 Bb4 6. Qa4 c5 7. dxc5 Bxc5 8. b4
Be7 9. Bg2 Bb7 10. O-O O-O 11. Bb2 Qc7 12. a3 Ne4 13. Rfd1 Nxd2 14. Rxd2 d6 15.
Qb3 Nc6 16. Rad1 Rfd8 17. h4 Rac8 18. Ng5 h6 19. Nxe6 fxe6 20. c5 d5 21. Bh3 Kh8
22. Bxe6 Ne5 23. Bxc8 Rxc8 24. cxb6 axb6 25. Rc1 Nc4 26. Rd3 Qc6 27. Bd4 Bf6 28.
Qc3 Bxd4 29. Rxd4 b5 30. Rcd1 Qe6 31. Qf3 Re8 32. Rf4 Kg8 33. h5 Ne5 34. Qe3 Bc6
35. Rc1 Qd7 36. Qc5 Nc4 37. e3 Bb7 38. Rd1 Nxe3 39. fxe3 Qh3 40. Rf3 Qxh5 41.
Rdf1 Qg6 42. Qc7 Bc6 43. Qf7+ Qxf7 44. Rxf7 Rxe3 45. R7f3 Re2 46. Rc1 Be8 47.
Kf1 1-0

[Event "Olimpiade 2014 - Open"]
[Site "Tromsø"]
[Date "10.08.2014"]
[Round "8.15"]
[Board "1"]
[White "Gretarsson, Hjorvar Steinn"]
[Black "McNab, Colin A"]
[Result "1-0"]
[WhiteTitle "GM"]
[BlackTitle "GM"]
[WhiteElo "2543"]
[BlackElo "2441"]
[WhiteTeam "Iceland"]
[BlackTeam "Scotland"]
[WhiteFideId "2302241"]
[BlackFideId "2400030"]
[EventDate "2014.08.02"]

1. d4 d6 2. e4 g6 3. c4 e5 4. Nf3 Bg7 5. Nc3 Nd7 6. Be2 Ngf6 7. O-O O-O 8. Be3
Re8 9. d5 Nh5 10. g3 Bf8 11. Ne1 Ng7 12. Nd3 Be7 13. Qd2 f5 14. f3 a5 15. a3 Rf8
16. Rac1 c5 17. dxc6 bxc6 18. b4 axb4 19. axb4 Ne6 20. exf5 gxf5 21. f4 Nb6 22.
Nf2 Nd4 23. Bxd4 exd4 24. Qxd4 Bf6 25. Qd2 Be6 26. Rfd1 Nxc4 27. Bxc4 Bxc4 28.
Qxd6 Bb3 29. Rd2 Qxd6 30. Rxd6 Rad8 31. Rxc6 Rd2 32. Nb1 Rb2 33. Rd6 Be7 34. Rd7
Bd8 35. Rd2 Rxd2 36. Nxd2 Bd5 37. Nc4 Be7 38. Ne3 Be6 39. Nd3 Rb8 40. Rc6 Bd7
41. Rc7 Bb5 42. Nxf5 Bd8 43. Rg7+ Kf8 44. Ne5 Bb6+ 45. Kg2 Rd8 46. Rxh7 1-0

[Event "Olimpiade 2014 - Open"]
[Site "Tromsø"]
[Date "10.08.2014"]
[Round "8.15"]
[Board "2"]
[White "Greet, Andrew N"]
[Black "Kjartansson, Gudmundur"]
[Result "1/2-1/2"]
[WhiteTitle "IM"]
[BlackTitle "IM"]
[WhiteElo "2431"]
[BlackElo "2448"]
[WhiteTeam "Scotland"]
[BlackTeam "Iceland"]
[WhiteFideId "405817"]
[BlackFideId "2301318"]
[EventDate "2014.08.02"]

1. d4 Nf6 2. c4 g6 3. g3 Bg7 4. Bg2 O-O 5. Nc3 d6 6. Nf3 Nc6 7. O-O Bg4 8. Ne1
Rb8 9. Nc2 Bd7 10. e4 Na5 11. Qe2 e5 12. d5 c5 13. dxc6 Be6 14. c7 Qxc7 15. b3
a6 16. Nd5 Nxd5 17. cxd5 Bd7 18. Na3 b5 19. Be3 f5 20. Rfc1 Qd8 21. f3 f4 22.
Bf2 h5 23. b4 Nb7 24. Rc6 g5 25. Rxa6 g4 26. Rc1 Bh6 27. Rc3 Rc8 28. Rac6 Bxc6
29. dxc6 Qg5 30. Nxb5 fxg3 31. hxg3 gxf3 32. Qc4+ Kh8 33. Rxf3 Rxf3 34. Bxf3 h4
35. cxb7 Rxc4 36. b8=Q+ Kh7 37. Qa7+ Bg7 38. Qe3 Qxe3 39. Bxe3 Rxb4 40. Nc3 hxg3
41. Kg2 Bh6 42. Bxh6 Kxh6 43. Kxg3 Kg5 44. a4 Rc4 45. Nb5 Rxa4 46. Nxd6 Rb4 47.
Nf7+ Kf6 48. Nh6 Kg5 49. Ng4 Rb5 50. Nf2 Rb3 51. Nh3+ Kf6 52. Kg4 Rb1 53. Nf2
Rb3 54. Be2 Rb2 55. Kf3 Rb3+ 56. Nd3 Kg5 57. Ke3 Ra3 58. Bd1 Kf6 59. Bg4 Ke7 60.
Bf5 Kd6 61. Kd2 Ra7 62. Ne1 Ra3 63. Ke2 Ra2+ 64. Kf3 Kc5 65. Kg3 Ra3+ 66. Nf3
Kd6 67. Kg4 Re3 68. Bh7 Ke6 69. Bg8+ Kf6 70. Bd5 Re2 71. Kg3 Re3 72. Bb7 Rb3 73.
Bc8 Rc3 74. Bf5 Ra3 75. Kg4 Ra1 76. Nh2 Ra8 77. Kh4 Rh8+ 78. Kg3 Kg5 79. Ng4 Re8
80. Bd7 Re7 81. Bc6 Re6 82. Bd5 Re7 83. Ne3 Ra7 84. Nc4 Kf6 85. Nb6 Kg5 86. Nc4
Kf6 87. Kg4 Rg7+ 88. Kf3 Rh7 89. Nd6 Kg5 90. Kg3 Ra7 91. Nf7+ Kf6 92. Kg4 Rxf7
93. Bxf7 Kxf7 94. Kf5 Ke8 95. Kxe5 Ke7 96. Kd5 Kd7 97. e5 Ke7 98. e6 Ke8 99. Ke4
Ke7 100. Ke5 Ke8 101. Kd6 Kd8 102. e7+ Ke8 103. Ke6 1/2-1/2

[Event "Olimpiade 2014 - Open"]
[Site "Tromsø"]
[Date "10.08.2014"]
[Round "8.15"]
[Board "3"]
[White "Thorhallsson, Throstur"]
[Black "Tate, Alan"]
[Result "1-0"]
[WhiteTitle "GM"]
[BlackTitle "FM"]
[WhiteElo "2426"]
[BlackElo "2347"]
[WhiteTeam "Iceland"]
[BlackTeam "Scotland"]
[WhiteFideId "2300109"]
[BlackFideId "2401878"]
[EventDate "2014.08.02"]

1. e4 c5 2. c3 d5 3. exd5 Qxd5 4. d4 g6 5. Be3 cxd4 6. cxd4 Bg7 7. Nc3 Qa5 8.
Nf3 Nh6 9. Bc4 O-O 10. O-O Nf5 11. Bg5 Nc6 12. d5 Ne5 13. Bb3 Nxf3+ 14. Qxf3 h6
15. Bd2 Nd4 16. Qe3 Nf5 17. Qd3 Nd6 18. Rfe1 Bf5 19. Qg3 Rfe8 20. Re2 Bd7 21.
Rae1 Qd8 22. Qd3 Bf5 23. Qf3 Bd7 24. Qd3 Bf5 25. Qf3 Bd7 26. g4 Rc8 27. h3 Bb5
28. Nxb5 Nxb5 29. Be3 a6 30. Qe4 Nd6 31. Qd3 Qd7 32. Bf4 Kh7 33. a3 Bf6 34. Ba2
Kg7 35. Qd2 Rh8 36. Be5 h5 37. Bxf6+ exf6 38. Qf4 g5 39. Qd4 Rce8 40. Rxe8 Nxe8
41. Re3 hxg4 42. Qxg4 Qc7 43. Kg2 Nd6 44. Rg3 Qc2 45. Qd4 Rh5 46. Bb3 Qh7 47.
Qd3 Qh6 48. Bd1 Rh4 49. Bg4 Qg6 50. Qe3 Rh8 51. Qe7 f5 52. Bf3 Kh6 53. h4 g4 54.
h5 Nc8 55. Qe5 Qg7 56. Qxf5 gxf3+ 57. Kh2 Qxb2 58. Rg6+ 1-0